[Event "ROM-ch"]
[Site "Amara"]
[Date "2007.02.20"]
[Round "6"]
[White "Prunescu, Claudiu"]
[Black "Popescu, Claudiu"]
[Result "1-0"]
[WhiteElo "2189"]
[BlackElo "1802"]
[PlyCount "52"]
[EventDate "2007.02.16"]
[EventType "swiss"]
[EventRounds "9"]
[EventCountry "ROU"]
[SourceTitle "CBM 117 Extra"]
[Source "ChessBase"]
[SourceDate "2007.05.09"]
[SourceVersion "1"]
[SourceVersionDate "2007.05.09"]
[SourceQuality "1"]

1. e4 c5 2. Nf3 Nc6 3. d4 cxd4 4. Nxd4 d6 5. c4 Nf6 6. Nc3 e6 7. Be2 Be7 8. 0-0 0-0 9. Nc2 a6 10. b3 Qc7 11. Bb2 b6 12. Rc1 Bb7 13. Ne3 Rad8 14. f3 Nd7 15. Ncd5 Qb8 16. Nxe7+ Nxe7 17. Qd4 e5 18. Qd2 Nc6 19. Nd5 Nc5 20. Kh1 Qa7 21. Qe3 b5 22. cxb5 axb5 23. Bxb5 Qxa2 24. Bxc6 Qxb2 25. Rxc5 dxc5 26. Bxb7 Rb8 1-0

[Event "ROM-ch"]
[Site "Amara"]
[Date "2007.02.17"]
[Round "3"]
[White "Miroiu, George Catalin"]
[Black "Popescu, Claudiu"]
[Result "1-0"]
[WhiteElo "2046"]
[BlackElo "1802"]
[PlyCount "51"]
[EventDate "2007.02.16"]
[EventType "swiss"]
[EventRounds "9"]
[EventCountry "ROU"]
[SourceTitle "CBM 117 Extra"]
[Source "ChessBase"]
[SourceDate "2007.05.09"]
[SourceVersion "1"]
[SourceVersionDate "2007.05.09"]
[SourceQuality "1"]

1. d4 d5 2. c4 e6 3. Nc3 Nf6 4. cxd5 exd5 5. Bg5 Be7 6. Qc2 0-0 7. e3 c6 8. Bd3 h6 9. Bh4 Nbd7 10. Nge2 c5 11. dxc5 Nxc5 12. Rd1 Be6 13. 0-0 Qb6 14. Nd4 Rac8 15. Qe2 Rfd8 16. Bb1 Bg4 17. f3 Bh5 18. Nf5 Bf8 19. Bxf6 Qxf6 20. Nxd5 Qe5 21. Nf4 Bg6 22. Nxg6 fxg6 23. f4 Qf6 24. Ng3 Re8 25. Kh1 Ne6 26. Qd3 1-0